000 00738nam a22002057a 4500
999 _c11454
_d11454
003 AR-CdUCM
008 190404b ||||| |||| 00| 0 spa d
040 _aMUNICIPALIDAD PROVINCIAL DEL CUSCO
_cBIBLIOTECA MUNICIPAL DEL CUSCO
082 _a869.335 /
_bN44 / 1943
100 _aNeruda, Pablo
_92359
245 _aCantos /
260 _aLima :
_bHora del Hombre,
_c1943.
300 _a24 páginas ;
_c28 cm.
505 _aContenido: Batalla del río Jarama -- Un canto para Bolívar -- Canto a Stalingrado -- Nuevo canto de amor a Stalingrado -- Canto a los ríos de Alemania -- En los muros de México.
650 _aPoesías
_914363
650 _achilenas
_928824
650 _aSiglo XX.
_98
942 _2ddc
_cLIBROS
945 _arah